[Event "Mittelrhein Verbandsliga-W 1112"]
[Site "Germany"]
[Date "2012.03.18"]
[Round "8.5"]
[White "Marzban, Dariousz"]
[Black "Jopek, Eugeniusz"]
[Result "0-1"]
[WhiteElo "1900"]
[BlackElo "1927"]
[PlyCount "101"]
[EventDate "2011.09.18"]
[EventType "team-tourn"]
[EventRounds "11"]
[EventCountry "GER"]
[SourceTitle "EXT 2013"]
[Source "ChessBase"]
[SourceDate "2012.11.22"]
[SourceVersion "1"]
[SourceVersionDate "2012.11.22"]
[SourceQuality "1"]
[WhiteTeam "Brauweiler Rochade"]
[BlackTeam "Pulheim"]
[WhiteTeamCountry "GER"]
[BlackTeamCountry "GER"]

1. Nf3 f5 2. b3 d6 3. Bb2 e5 4. d3 Nf6 5. e3 Nc6 6. Be2 Be7 7. c4 a5 8. a3 b6 9. Nc3 0-0 10. 0-0 Qe8 11. Qc2 h6 12. Nd5 Bd8 13. d4 e4 14. Nxf6+ Bxf6 15. Nd2 Ne7 16. f4 c5 17. d5 Ba6 18. Rf2 b5 19. Bxf6 Rxf6 20. a4 bxc4 21. bxc4 Rb8 22. Rb1 Rb4 23. Rxb4 axb4 24. Nf1 Rf8 25. g4 g6 26. Rg2 Kh7 27. Bd1 Qf7 28. Ng3 Rg8 29. gxf5 gxf5 30. Bh5 Qf6 31. Rd2 Qh4 32. Bf7 Rg7 33. Be8 Rxg3+ 34. hxg3 Qxg3+ 35. Kf1 Qxe3 36. Bb5 Bb7 37. Rf2 Ng6 38. Bd7 Ne7 39. Bb5 Bc8 40. a5 Ng6 41. Qe2 Qa3 42. Be8 Qc1+ 43. Qe1 Qxc4+ 44. Qe2 Qc1+ 45. Kg2 Nxf4+ 46. Rxf4 Qxf4 47. a6 Qf3+ 48. Qxf3 exf3+ 49. Kxf3 Bxa6 50. Ke3 Kg7 51. Bd7 0-1

[Event "Mittelrhein Verbandsliga-W 1112"]
[Site "Germany"]
[Date "2011.10.09"]
[Round "2.5"]
[White "Marzban, Dariousz"]
[Black "Meissner, Thomas"]
[Result "0-1"]
[WhiteElo "1900"]
[BlackElo "1914"]
[PlyCount "119"]
[EventDate "2011.09.18"]
[EventType "team-tourn"]
[EventRounds "11"]
[EventCountry "GER"]
[SourceTitle "EXT 2013"]
[Source "ChessBase"]
[SourceDate "2012.11.22"]
[SourceVersion "1"]
[SourceVersionDate "2012.11.22"]
[SourceQuality "1"]
[WhiteTeam "Brauweiler Rochade"]
[BlackTeam "Brand SF"]
[WhiteTeamCountry "GER"]
[BlackTeamCountry "GER"]

1. Nf3 d5 2. c4 e6 3. cxd5 exd5 4. e3 Nf6 5. b3 Bd6 6. Bb2 0-0 7. Be2 Bg4 8. 0-0 Nbd7 9. d3 c6 10. Nbd2 Qc7 11. Re1 Rfe8 12. Nf1 Bb4 13. N3d2 Bf5 14. a3 Bd6 15. Nf3 Bg6 16. Nh4 Re7 17. f4 h6 18. Nxg6 fxg6 19. Bf3 Rae8 20. Qd2 g5 21. g3 gxf4 22. gxf4 g5 23. f5 Be5 24. d4 Bd6 25. Qf2 Kh7 26. Ng3 Rf8 27. e4 Bxg3 28. Qxg3 Qxg3+ 29. hxg3 dxe4 30. a4 Rfe8 31. Bg2 Nb6 32. Ba3 Rd7 33. Bc5 Nbd5 34. Rac1 Kg7 35. Rc2 a6 36. a5 e3 37. Rce2 Ne4 38. Kh2 h5 39. Ba3 Kf6 40. Bc1 Nec3 41. Rc2 Kxf5 42. Bb2 Ne4 43. Rce2 Kg6 44. Rf1 Rf7 45. Rxf7 Kxf7 46. Bc1 Nec3 47. Re1 Kg6 48. Ba3 Re6 49. Bc1 g4 50. Bb2 Kg5 51. Bxd5 Nxd5 52. Kg2 Kf5 53. Kf1 Ke4 54. Ke2 Rf6 55. Rb1 Rf2+ 56. Kd1 Rh2 57. Ba1 Kd3 58. Kc1 Rh1+ 59. Kb2 Rxb1+ 60. Kxb1 0-1

[Event "NRW Class1 0607"]
[Site "Germany"]
[Date "2007.02.25"]
[Round "6.8"]
[White "Marzban, Dariousz"]
[Black "Pueplichhuisen, Anton"]
[Result "0-1"]
[WhiteElo "1720"]
[BlackElo "2142"]
[PlyCount "84"]
[EventDate "2006.09.17"]
[EventType "team-tourn"]
[EventRounds "9"]
[EventCountry "GER"]
[SourceTitle "EXT 2008"]
[Source "ChessBase"]
[SourceDate "2007.11.25"]
[SourceVersion "1"]
[SourceVersionDate "2007.11.25"]
[SourceQuality "1"]
[WhiteTeam "Koeln SF II"]
[BlackTeam "Gerling"]
[WhiteTeamCountry "GER"]
[BlackTeamCountry "GER"]

1. d4 Nf6 2. c4 d6 3. Nc3 Nbd7 4. e4 e5 5. d5 Be7 6. Be2 0-0 7. Be3 Nc5 8. f3 a5 9. a3 Ne8 10. b4 axb4 11. axb4 Rxa1 12. Qxa1 Na6 13. Qa3 Bg5 14. Bf2 Bd2+ 15. Kd1 f5 16. Be1 Bxe1 17. Kxe1 Qg5 18. Kf2 Qd2 19. Nb1 Qd4+ 20. Qe3 Qb2 21. Nd2 f4 22. Qb3 Qxd2 23. b5 Nc5 24. Qa3 Nf6 25. Nh3 Bxh3 26. gxh3 Nfxe4+ 27. fxe4 f3 28. Qxf3 Rxf3+ 29. Kxf3 Qf4+ 30. Kg2 Qxe4+ 31. Bf3 Qc2+ 32. Kg3 e4 33. Bg4 Qc3+ 34. Kh4 h6 35. Rf1 Qe5 36. Rf5 Qe7+ 37. Kg3 e3 38. Rf1 e2 39. Re1 Qe3+ 40. Kg2 Nd3 41. Rxe2 Nf4+ 42. Kf1 Nxe2 0-1